[Event "Saint John op-1"]
[Site "Saint John CAN"]
[Date "1988.??.??"]
[Round "?"]
[White "Rodriguez, Daniel Mauricio"]
[Black "Sherzer, Alex"]
[Result "1-0"]
[WhiteElo "2465"]
[BlackElo "2330"]
[PlyCount "83"]
[GameId "2160767912583189"]
[EventDate "1988.01.24"]
[EventType "swiss"]
[EventRounds "9"]
[EventCountry "CAN"]
[SourceTitle "CBM 006"]
[Source "ChessBase"]
[SourceDate "2004.01.01"]
[SourceVersion "1"]
[SourceVersionDate "2004.01.01"]
[SourceQuality "1"]

1. e4 e6 2. d4 d5 3. Nd2 c5 4. Ngf3 Nc6 5. exd5 exd5 6. Bb5 Bd6 7. O-O Nge7 8. dxc5 Bxc5 9. Nb3 Bd6 10. Bg5 O-O 11. Nbd4 Qc7 12. h3 h6 13. Be3 a6 14. Bd3 Nb4 15. c3 Nxd3 16. Qxd3 Bd7 17. Rfe1 Rfe8 18. Rad1 Rad8 19. Nh4 Bh2+ 20. Kh1 Bf4 21. Qd2 Bxe3 22. Rxe3 g5 23. Rde1 Qf4 24. Nhf3 Ng6 25. Ne2 Qf6 26. Ng3 Nf4 27. Ne5 Bc6 28. Ng4 Qg6 29. Qd4 Rxe3 30. Rxe3 Ne6 31. Qe5 d4 32. cxd4 Rxd4 33. Nf5 Rd1+ 34. Kh2 Kh7 35. Nf6+ Kh8 36. Rg3 Rd8 37. h4 Ng7 38. Nxg7 Qxg7 39. hxg5 Re8 40. Qc3 Re6 41. f4 Re2 42. Qd3 1-0

[Event "Saint John op-1"]
[Site "Saint John CAN"]
[Date "1988.??.??"]
[Round "?"]
[White "Ross, Dave"]
[Black "Savereide, Diane"]
[Result "1-0"]
[WhiteElo "2325"]
[BlackElo "2250"]
[PlyCount "101"]
[GameId "2160767912583195"]
[EventDate "1988.01.24"]
[EventType "swiss"]
[EventRounds "9"]
[EventCountry "CAN"]
[SourceTitle "CBM 006"]
[Source "ChessBase"]
[SourceDate "2004.01.01"]
[SourceVersion "1"]
[SourceVersionDate "2004.01.01"]
[SourceQuality "1"]

1. d4 Nf6 2. Nf3 g6 3. c4 Bg7 4. Nc3 d5 5. cxd5 Nxd5 6. g3 O-O 7. Bg2 Nb6 8. O-O Nc6 9. e3 e5 10. d5 Na5 11. e4 c6 12. Bg5 f6 13. Be3 cxd5 14. Bxb6 axb6 15. Qxd5+ Qxd5 16. Nxd5 Bg4 17. Nxb6 Ra6 18. Nd5 Nc4 19. Rfc1 Nxb2 20. Rab1 Ra3 21. Rxb2 Bxf3 22. Bxf3 Rxf3 23. Rxb7 f5 24. Rcc7 Bf6 25. exf5 gxf5 26. Rxh7 e4 27. Rhd7 Ra3 28. Ra7 Rxa7 29. Nxf6+ Rxf6 30. Rxa7 f4 31. Re7 e3 32. fxe3 fxg3 33. hxg3 Ra6 34. Kf2 Rxa2+ 35. Kf3 Kf8 36. Rb7 Ra6 37. g4 Rf6+ 38. Ke4 Re6+ 39. Kf4 Rf6+ 40. Ke5 Ra6 41. e4 Rc6 42. g5 Ra6 43. Kf5 Rc6 44. e5 Ra6 45. Rd7 Rb6 46. g6 Ra6 47. g7+ Kg8 48. e6 Ra1 49. e7 Rf1+ 50. Ke6 Re1+ 51. Kd6 1-0

[Event "Saint John op-1"]
[Site "Saint John CAN"]
[Date "1988.??.??"]
[Round "?"]
[White "Ross, Dave"]
[Black "Semkov, Semko"]
[Result "0-1"]
[WhiteElo "2325"]
[BlackElo "2470"]
[PlyCount "106"]
[GameId "2160767912583196"]
[EventDate "1988.01.24"]
[EventType "swiss"]
[EventRounds "9"]
[EventCountry "CAN"]
[SourceTitle "CBM 006"]
[Source "ChessBase"]
[SourceDate "2004.01.01"]
[SourceVersion "1"]
[SourceVersionDate "2004.01.01"]
[SourceQuality "1"]

1. d4 d5 2. Nf3 c6 3. c4 e6 4. e3 Bd6 5. Nc3 f5 6. Qc2 Nf6 7. Bd3 Ne4 8. O-O Nd7 9. Ne1 O-O 10. f3 Qh4 11. g3 Nxg3 12. Qf2 f4 13. e4 e5 14. exd5 cxd5 15. cxd5 Nf5 16. Qxh4 Nxh4 17. Ne4 Bc7 18. Ng2 Nxg2 19. Kxg2 exd4 20. d6 Bd8 21. Bc4+ Kh8 22. b3 Ne5 23. Bb2 Bb6 24. Rad1 Bf5 25. Bxd4 Ng4 26. h3 Ne3+ 27. Bxe3 fxe3 28. Ng3 Bd8 29. Bd5 Rc8 30. Rc1 Ba5 31. Bxb7 Rcd8 32. Ne4 e2 33. Rh1 e1=Q 34. Rhxe1 Bxe1 35. Rxe1 Bxe4 36. Bxe4 Rxd6 37. Re2 Rfd8 38. Kf2 Rd2 39. a4 g6 40. Ke1 Rxe2+ 41. Kxe2 a5 42. Bd3 Kg7 43. Bc4 Kf6 44. Kf2 Ke5 45. Ke3 g5 46. Be2 h6 47. Bd3 Rd4 48. Be2 Rh4 49. Bf1 h5 50. Kf2 Rb4 51. Bc4 Kf4 52. Bf7 h4 53. Bc4 Rb7 0-1

[Event "Saint John op-1"]
[Site "Saint John CAN"]
[Date "1988.??.??"]
[Round "?"]
[White "Ross, Dave"]
[Black "Stone, Raymond"]
[Result "1/2-1/2"]
[WhiteElo "2325"]
[BlackElo "2415"]
[PlyCount "88"]
[GameId "2160767912583197"]
[EventDate "1988.01.24"]
[EventType "swiss"]
[EventRounds "9"]
[EventCountry "CAN"]
[SourceTitle "CBM 006"]
[Source "ChessBase"]
[SourceDate "2004.01.01"]
[SourceVersion "1"]
[SourceVersionDate "2004.01.01"]
[SourceQuality "1"]

1. d4 Nf6 2. Nf3 g6 3. c4 Bg7 4. Nc3 d5 5. cxd5 Nxd5 6. g3 Nxc3 7. bxc3 c5 8. Bg2 Nc6 9. e3 Bd7 10. O-O Rc8 11. Rb1 Na5 12. e4 O-O 13. Bg5 cxd4 14. cxd4 Rc4 15. Qd3 b5 16. Ne5 Ra4 17. Nxd7 Qxd7 18. Qxb5 Qxb5 19. Rxb5 Bxd4 20. Bxe7 Re8 21. Bb4 Nc6 22. a3 Nxb4 23. Rxb4 Rxb4 24. axb4 Rb8 25. Rb1 Bc5 26. b5 a6 27. Bf1 axb5 28. Bxb5 Kg7 29. Kg2 Rb6 30. f4 f6 31. g4 h5 32. gxh5 gxh5 33. Kf3 Kf8 34. e5 fxe5 35. fxe5 Ke7 36. Ke4 Rb8 37. Kd5 Be3 38. Rb3 Bf4 39. h3 Rb6 40. Ke4 Bh2 41. Rb2 Bg3 42. Rb3 Bh2 43. Kf5 Re6 44. Re3 Rxe5+ 1/2-1/2

[Event "Saint John op-1"]
[Site "Saint John CAN"]
[Date "1988.??.??"]
[Round "?"]
[White "Russek Libni, Guil"]
[Black "Day, Lawrence"]
[Result "1/2-1/2"]
[WhiteElo "2305"]
[BlackElo "2375"]
[PlyCount "54"]
[GameId "2160767912583198"]
[EventDate "1988.01.24"]
[EventType "swiss"]
[EventRounds "9"]
[EventCountry "CAN"]
[SourceTitle "CBM 006"]
[Source "ChessBase"]
[SourceDate "2004.01.01"]
[SourceVersion "1"]
[SourceVersionDate "2004.01.01"]
[SourceQuality "1"]

1. e4 e5 2. Nf3 Nc6 3. Bb5 g6 4. O-O Bg7 5. c3 a6 6. Ba4 d6 7. d4 Bd7 8. Bg5 f6 9. Be3 Nh6 10. Nbd2 Ng4 11. Qe2 O-O 12. Rfe1 Nxe3 13. Qxe3 Qe8 14. d5 Nd8 15. Bxd7 Qxd7 16. c4 Nf7 17. c5 Bh6 18. Qa3 Rac8 19. Rac1 c6 20. Rcd1 cxd5 21. exd5 f5 22. Nc4 Rxc5 23. Ncxe5 Nxe5 24. Nxe5 Qb5 25. b4 Rc2 26. Qb3 Re2 27. a4 Rxe1+ 1/2-1/2

[Event "Saint John op-1"]
[Site "Saint John CAN"]
[Date "1988.??.??"]
[Round "?"]
[White "Russek Libni, Guil"]
[Black "Ermenkov, Evgenij"]
[Result "0-1"]
[WhiteElo "2305"]
[BlackElo "2480"]
[PlyCount "60"]
[GameId "2160767912583199"]
[EventDate "1988.01.24"]
[EventType "swiss"]
[EventRounds "9"]
[EventCountry "CAN"]
[SourceTitle "CBM 006"]
[Source "ChessBase"]
[SourceDate "2004.01.01"]
[SourceVersion "1"]
[SourceVersionDate "2004.01.01"]
[SourceQuality "1"]

1. e4 c5 2. c3 d6 3. d4 Nf6 4. dxc5 Nc6 5. f3 d5 6. exd5 Nxd5 7. Bc4 e6 8. Bxd5 exd5 9. Be3 Be7 10. Ne2 O-O 11. O-O Re8 12. Bf2 Bg5 13. Nd4 Ne5 14. Na3 b6 15. cxb6 Qxb6 16. Qb3 Qg6 17. Qxd5 Ba6 18. Rfe1 Nd3 19. Rxe8+ Rxe8 20. Bg3 h5 21. Qf5 Qxf5 22. Nxf5 Re2 23. b3 Rd2 24. Nc4 Bxc4 25. bxc4 g6 26. Nd4 h4 27. Be1 Rb2 28. g3 Be3+ 29. Kh1 h3 30. Rd1 Rg2 0-1

[Event "Saint John op-1"]
[Site "Saint John CAN"]
[Date "1988.??.??"]
[Round "?"]
[White "Russek Libni, Guil"]
[Black "Shirazi, Kamran"]
[Result "1-0"]
[WhiteElo "2305"]
[BlackElo "2455"]
[PlyCount "141"]
[GameId "2160767912583200"]
[EventDate "1988.01.24"]
[EventType "swiss"]
[EventRounds "9"]
[EventCountry "CAN"]
[SourceTitle "CBM 006"]
[Source "ChessBase"]
[SourceDate "2004.01.01"]
[SourceVersion "1"]
[SourceVersionDate "2004.01.01"]
[SourceQuality "1"]

1. e4 c5 2. c3 e6 3. d4 d5 4. exd5 exd5 5. Nf3 Nc6 6. Bb5 Bd6 7. dxc5 Bxc5 8. Be3 Bxe3 9. Qe2 Qe7 10. Qxe3 Qxe3+ 11. fxe3 Nf6 12. O-O O-O 13. Nbd2 Re8 14. Rae1 Re7 15. Bd3 Bg4 16. h3 Bxf3 17. gxf3 Ne5 18. Bc2 Rae8 19. Kf2 Re6 20. f4 Ned7 21. Nb3 Ra6 22. Bb1 Rc8 23. Re2 Nb6 24. Rd1 Nc4 25. Nd4 Rb6 26. Nb3 a5 27. Bd3 a4 28. Bxc4 Rxc4 29. Nd2 Rcc6 30. Nb1 Rc5 31. Rd4 Ne4+ 32. Kf3 Ra5 33. c4 f5 34. cxd5 Rg6 35. Rc2 Ra8 36. Rc7 Rg3+ 37. Ke2 Rg2+ 38. Kd3 Rxb2 39. Nc3 Rd2+ 40. Kc4 Rc2 41. Kd3 Rc1 42. d6 Rxc3+ 43. Rxc3 Nxc3 44. Kxc3 Kf7 45. Rb4 Ra7 46. a3 Ke6 47. Rb6 g6 48. Kb4 Kd7 49. h4 Kc8 50. Kc4 Kd7 51. Kd5 Ra5+ 52. Kd4 Ra8 53. Rxb7+ Kxd6 54. Rxh7 Ke6 55. h5 gxh5 56. Rxh5 Rd8+ 57. Kc4 Rc8+ 58. Kb4 Rc1 59. Kxa4 Re1 60. Rh6+ Ke7 61. Rh3 Ke6 62. Rh6+ Ke7 63. Rc6 Rxe3 64. Kb4 Rf3 65. Rc4 Kd6 66. a4 Rf1 67. Kb5 Rb1+ 68. Rb4 Rc1 69. Rd4+ Ke6 70. a5 Rb1+ 71. Rb4 1-0

[Event "Saint John op-1"]
[Site "Saint John CAN"]
[Date "1988.??.??"]
[Round "?"]
[White "Saidy, Anthony"]
[Black "Clemance, Philip"]
[Result "1-0"]
[WhiteElo "2415"]
[BlackElo "2315"]
[PlyCount "71"]
[GameId "2160767912583208"]
[EventDate "1988.01.24"]
[EventType "swiss"]
[EventRounds "9"]
[EventCountry "CAN"]
[SourceTitle "CBM 006"]
[Source "ChessBase"]
[SourceDate "2004.01.01"]
[SourceVersion "1"]
[SourceVersionDate "2004.01.01"]
[SourceQuality "1"]

1. d4 Nf6 2. c4 e6 3. Nc3 d5 4. cxd5 exd5 5. Bg5 Be7 6. e3 O-O 7. Bd3 c6 8. Qc2 Nbd7 9. Nge2 Re8 10. O-O Nf8 11. f3 h6 12. Bh4 c5 13. Rad1 Be6 14. Bb5 N8d7 15. Bxf6 Bxf6 16. dxc5 a6 17. Ba4 b5 18. cxb6 Qxb6 19. Bxd7 Qxe3+ 20. Rf2 Bxd7 21. Nxd5 Qa7 22. Nxf6+ gxf6 23. Nc3 Bc6 24. Qd2 Rab8 25. b3 Bb5 26. Qxh6 Rbd8 27. Rxd8 Rxd8 28. h3 Qc7 29. Rd2 Re8 30. Ne4 Re6 31. Rd1 Qb6+ 32. Kh1 a5 33. Rd5 f5 34. Qg5+ Rg6 35. Qxf5 Bf1 36. Ng5 1-0

[Event "Saint John op-1"]
[Site "Saint John CAN"]
[Date "1988.??.??"]
[Round "?"]
[White "Saidy, Anthony"]
[Black "Russek Libni, Guil"]
[Result "1/2-1/2"]
[WhiteElo "2415"]
[BlackElo "2305"]
[PlyCount "67"]
[GameId "2160767912583210"]
[EventDate "1988.01.24"]
[EventType "swiss"]
[EventRounds "9"]
[EventCountry "CAN"]
[SourceTitle "CBM 006"]
[Source "ChessBase"]
[SourceDate "2004.01.01"]
[SourceVersion "1"]
[SourceVersionDate "2004.01.01"]
[SourceQuality "1"]

1. d4 e6 2. c4 d5 3. Nc3 Nf6 4. cxd5 exd5 5. Bg5 Be7 6. e3 c6 7. Bd3 Nbd7 8. Qc2 Nf8 9. Nge2 Ne6 10. Bh4 g6 11. f3 Ng7 12. e4 dxe4 13. fxe4 Ng4 14. Bxe7 Qxe7 15. Qd2 Qh4+ 16. g3 Qh6 17. Qxh6 Nxh6 18. O-O O-O 19. Bc4 Kh8 20. Rae1 Be6 21. Bxe6 fxe6 22. Na4 Rxf1+ 23. Rxf1 Kg8 24. Nc5 Nf7 25. b3 b6 26. Na6 e5 27. Nb4 exd4 28. Nxc6 Re8 29. Nexd4 Rxe4 30. Nb5 Re2 31. Rf2 Re1+ 32. Rf1 Re2 33. Rf2 Re1+ 34. Rf1 1/2-1/2

[Event "Saint John op-1"]
[Site "Saint John CAN"]
[Date "1988.??.??"]
[Round "?"]
[White "Savereide, Diane"]
[Black "Birnboim, Nathan"]
[Result "0-1"]
[WhiteElo "2250"]
[BlackElo "2465"]
[PlyCount "56"]
[GameId "2160767912583212"]
[EventDate "1988.01.24"]
[EventType "swiss"]
[EventRounds "9"]
[EventCountry "CAN"]
[SourceTitle "CBM 06"]

1. e4 c5 2. Nf3 Nc6 3. d4 cxd4 4. Nxd4 Nf6 5. Nc3 e5 6. Ndb5 d6 7. Bg5 a6 8. Bxf6 gxf6 9. Na3 b5 10. Nd5 f5 11. c3 Bg7 12. exf5 Bxf5 13. Nc2 O-O 14. Nce3 Bg6 15. g4 Be4 16. Bg2 Bxg2 17. Nxg2 e4 18. Qc2 Rc8 19. O-O-O Re8 20. Kb1 b4 21. Rhe1 bxc3 22. Rxe4 Rxe4 23. Qxe4 Rb8 24. b3 a5 25. Nxc3 Nb4 26. Nd5 Nxd5 27. Qxd5 Qf6 28. Rd2 Rc8 0-1

[Event "Saint John op-1"]
[Site "Saint John CAN"]
[Date "1988.??.??"]
[Round "?"]
[White "Savereide, Diane"]
[Black "Stone, Raymond"]
[Result "0-1"]
[WhiteElo "2250"]
[BlackElo "2415"]
[PlyCount "120"]
[GameId "2160767912583214"]
[EventDate "1988.01.24"]
[EventType "swiss"]
[EventRounds "9"]
[EventCountry "CAN"]
[SourceTitle "CBM 06"]

1. e4 c5 2. Nf3 e6 3. d4 cxd4 4. Nxd4 Nc6 5. Nb5 d6 6. c4 Nf6 7. N1c3 a6 8. Na3 Be7 9. Be2 O-O 10. O-O b6 11. Be3 Ne5 12. f4 Ned7 13. Bf3 Bb7 14. Qe2 Qc7 15. Rac1 Rac8 16. Rfd1 Rfe8 17. g4 h6 18. Qg2 Nh7 19. Qg3 g5 20. Bg2 Nhf8 21. Nab1 Ng6 22. Ne2 Qb8 23. Nbc3 Rxc4 24. b3 Rcc8 25. Qh3 Kg7 26. Bd4+ Bf6 27. Bxf6+ Nxf6 28. fxg5 hxg5 29. Qe3 Rc5 30. h3 b5 31. Qd4 Rd8 32. Ng3 Re5 33. Nce2 Nf4 34. Nxf4 gxf4 35. Ne2 Bxe4 36. Nxf4 Bxg2 37. Kxg2 Qb7+ 38. Kg1 Qf3 39. Rd3 Qe4 40. Qxe4 Rxe4 41. Rf3 Nd7 42. Rc7 d5 43. Ra7 b4 44. Nd3 d4 45. Kf1 Kg6 46. Rxa6 Ne5 47. Nxe5+ Rxe5 48. Rd3 f5 49. Rb6 fxg4 50. hxg4 Re4 51. Rxb4 e5 52. Kf2 Rxg4 53. a4 Kf5 54. Rh3 Rf4+ 55. Ke1 e4 56. Rb5+ Kg4 57. Rbh5 e3 58. Rh7 Rf2 59. Rh1 Ra2 60. Rg1+ Kf3 0-1

[Event "Saint John op-1"]
[Site "Saint John CAN"]
[Date "1988.??.??"]
[Round "?"]
[White "Savereide, Diane"]
[Black "Toshkov, Tihomir"]
[Result "0-1"]
[WhiteElo "2250"]
[BlackElo "2395"]
[PlyCount "70"]
[GameId "2160767912583215"]
[EventDate "1988.01.24"]
[EventType "swiss"]
[EventRounds "9"]
[EventCountry "CAN"]
[SourceTitle "CBM 06"]

1. e4 c5 2. Nf3 e6 3. d4 cxd4 4. Nxd4 a6 5. Bd3 Nf6 6. O-O d6 7. c4 Bd7 8. Nc3 Nc6 9. Be3 Ne5 10. f3 Rc8 11. Qe2 Be7 12. Rac1 O-O 13. Kh1 Qc7 14. b3 Qb8 15. Bb1 Ng6 16. g4 Rfe8 17. g5 Nh5 18. f4 Nhxf4 19. Bxf4 e5 20. Bd2 exd4 21. Nd5 b5 22. Qf2 Ne5 23. Qxd4 bxc4 24. bxc4 Bd8 25. Bd3 Rc5 26. h4 Be6 27. Bb4 Nxd3 28. Bxc5 Nxc5 29. Nf4 Qb7 30. Rce1 Be7 31. Rg1 Bf8 32. h5 Bf5 33. Nd5 Rxe4 34. Qf2 Rxe1 35. Rxe1 Be4+ 0-1

[Event "Saint John op-1"]
[Site "Saint John CAN"]
[Date "1988.??.??"]
[Round "?"]
[White "Semkov, Semko"]
[Black "Ilic, Zoran S"]
[Result "1-0"]
[WhiteElo "2470"]
[BlackElo "2360"]
[PlyCount "73"]
[GameId "2160767912583217"]
[EventDate "1988.01.24"]
[EventType "swiss"]
[EventRounds "9"]
[EventCountry "CAN"]
[SourceTitle "CBM 006"]
[Source "ChessBase"]
[SourceDate "2004.01.01"]
[SourceVersion "1"]
[SourceVersionDate "2004.01.01"]
[SourceQuality "1"]

1. d4 Nf6 2. c4 c5 3. d5 g6 4. Nc3 Bg7 5. e4 d6 6. f4 O-O 7. Nf3 e6 8. Be2 exd5 9. cxd5 Bg4 10. O-O Nbd7 11. h3 Bxf3 12. Bxf3 a6 13. g4 Ne8 14. g5 b5 15. Ne2 f5 16. exf5 Rxf5 17. Bg4 Rf8 18. Kh1 Nc7 19. Bd2 b4 20. Qb3 Kh8 21. Rad1 a5 22. Bc1 Ra7 23. h4 Nb6 24. h5 gxh5 25. Bxh5 Qd7 26. Kg2 a4 27. Qf3 Nc4 28. Rh1 Kg8 29. Bg4 Qe7 30. Qd3 Bxb2 31. Qxc4 Bh8 32. Ng3 Re8 33. Nf5 Qe4+ 34. Qxe4 Rxe4 35. Nxd6 Rd4 36. Nc8 Rb7 37. d6 1-0

[Event "Saint John op-1"]
[Site "Saint John CAN"]
[Date "1988.??.??"]
[Round "?"]
[White "Semkov, Semko"]
[Black "Perenyi, Bela"]
[Result "0-1"]
[WhiteElo "2470"]
[BlackElo "2370"]
[PlyCount "118"]
[GameId "2160767912583219"]
[EventDate "1988.01.24"]
[EventType "swiss"]
[EventRounds "9"]
[EventCountry "CAN"]
[SourceTitle "CBM 06"]

1. d4 Nf6 2. c4 c5 3. d5 e6 4. Nc3 exd5 5. cxd5 d6 6. e4 g6 7. f4 Bg7 8. Nf3 O-O 9. Be2 Nbd7 10. O-O Re8 11. Qc2 a6 12. a4 Qc7 13. Kh1 c4 14. Nd2 Nc5 15. Bxc4 Ncxe4 16. Ncxe4 Nxe4 17. Nxe4 Bf5 18. Re1 Rac8 19. Bd3 Bxe4 20. Qxc7 Rxc7 21. Rxe4 Rxe4 22. Bxe4 Re7 23. Bd2 Rxe4 24. Re1 Rxe1+ 25. Bxe1 Bxb2 26. Bb4 b5 27. axb5 axb5 28. Bxd6 Bc3 29. Bc5 b4 30. d6 b3 31. d7 Ba5 32. Bd4 f5 33. Bc3 Bd8 34. Kg1 Kf7 35. Kf2 Ke7 36. Ke3 Kxd7 37. Kd3 Kc6 38. Kc4 Bc7 39. Kxb3 Kd5 40. Kc2 Bxf4 41. h3 Ke4 42. Bb4 Bc7 43. Kd2 Kf4 44. Ke2 Kg3 45. Kf1 Bb6 46. Be1+ Kh2 47. Bd2 h5 48. Bf4+ Kh1 49. Bg5 Bc5 50. Bf4 Be7 51. Be5 g5 52. Bc7 Bc5 53. Be5 Be3 54. Bd6 f4 55. Be5 Kh2 56. Bd6 g4 57. hxg4 hxg4 58. Be5 g3 59. Bd6 Kh1 0-1

[Event "Saint John op-1"]
[Site "Saint John CAN"]
[Date "1988.??.??"]
[Round "?"]
[White "Semkov, Semko"]
[Black "Piasetski, Leon"]
[Result "0-1"]
[WhiteElo "2470"]
[BlackElo "2390"]
[PlyCount "68"]
[GameId "2160767912583220"]
[EventDate "1988.01.24"]
[EventType "swiss"]
[EventRounds "9"]
[EventCountry "CAN"]
[SourceTitle "CBM 006"]
[Source "ChessBase"]
[SourceDate "2004.01.01"]
[SourceVersion "1"]
[SourceVersionDate "2004.01.01"]
[SourceQuality "1"]

1. d4 d6 2. e4 g6 3. c4 e5 4. Ne2 Bg7 5. Nbc3 Nc6 6. Be3 Nh6 7. f3 f5 8. Qd2 Nf7 9. exf5 gxf5 10. dxe5 dxe5 11. Qxd8+ Nfxd8 12. f4 Ne6 13. O-O-O O-O 14. g3 Ned4 15. Nb5 Ne6 16. Bh3 a6 17. Nbc3 Ned4 18. Bxd4 exd4 19. Nd5 Be6 20. Nxc7 Bxc4 21. Nxa8 Bxe2 22. Rd2 Bf3 23. Rf1 Be4 24. Nb6 Nb4 25. a3 Rf6 26. Nd7 Rc6+ 27. Kd1 Nd5 28. Ne5 Rh6 29. Re1 Bxe5 30. fxe5 Ne3+ 31. Rxe3 dxe3 32. Rd8+ Kf7 33. Bf1 Rxh2 34. Be2 Rh1+ 0-1

[Event "Saint John op-1"]
[Site "Saint John CAN"]
[Date "1988.??.??"]
[Round "?"]
[White "Shamkovich, Leonid"]
[Black "Gulko, Boris"]
[Result "1/2-1/2"]
[WhiteElo "2435"]
[BlackElo "2595"]
[PlyCount "22"]
[GameId "2160767912583221"]
[EventDate "1988.01.24"]
[EventType "swiss"]
[EventRounds "9"]
[EventCountry "CAN"]
[SourceTitle "CBM 006"]
[Source "ChessBase"]
[SourceDate "2004.01.01"]
[SourceVersion "1"]
[SourceVersionDate "2004.01.01"]
[SourceQuality "1"]

1. e4 e6 2. d4 d5 3. Nd2 Nf6 4. e5 Nfd7 5. c3 c5 6. f4 Nc6 7. Ndf3 Qb6 8. g3 cxd4 9. cxd4 Bb4+ 10. Kf2 f6 11. Kg2 Be7 1/2-1/2

[Event "Saint John op-1"]
[Site "Saint John CAN"]
[Date "1988.??.??"]
[Round "?"]
[White "Shamkovich, Leonid"]
[Black "Ilic, Zoran S"]
[Result "1-0"]
[WhiteElo "2435"]
[BlackElo "2360"]
[PlyCount "79"]
[GameId "2160767912583222"]
[EventDate "1988.01.24"]
[EventType "swiss"]
[EventRounds "9"]
[EventCountry "CAN"]
[SourceTitle "CBM 006"]
[Source "ChessBase"]
[SourceDate "2004.01.01"]
[SourceVersion "1"]
[SourceVersionDate "2004.01.01"]
[SourceQuality "1"]

1. e4 c5 2. Ne2 Nc6 3. d4 cxd4 4. Nxd4 Qb6 5. Nb3 Nf6 6. Nc3 e6 7. Bd3 a6 8. O-O Be7 9. Be3 Qc7 10. f4 d6 11. Qf3 O-O 12. g4 b5 13. g5 Nd7 14. Rad1 Re8 15. Rf2 Bf8 16. h4 Rb8 17. h5 Nb4 18. Qg3 Bb7 19. Qh3 Nc5 20. g6 fxg6 21. hxg6 h6 22. Nd4 Bc8 23. Qh5 Nd7 24. Bf1 Nf6 25. Qh4 e5 26. fxe5 Ng4 27. Rf7 Qb6 28. Bf2 dxe5 29. Nf5 Nxf2 30. Rd6 Nh3+ 31. Kg2 Qg1+ 32. Kxh3 Qxf1+ 33. Kh2 Bxf5 34. Rxf5 Qc1 35. Rd7 Qe3 36. a3 Nxc2 37. Nd5 Qe1 38. Nf6+ gxf6 39. Qxf6 Qe2+ 40. Kh3 1-0

[Event "Saint John op-1"]
[Site "Saint John CAN"]
[Date "1988.??.??"]
[Round "?"]
[White "Shamkovich, Leonid"]
[Black "Sherzer, Alex"]
[Result "1-0"]
[WhiteElo "2435"]
[BlackElo "2330"]
[PlyCount "91"]
[GameId "2160767912583223"]
[EventDate "1988.01.24"]
[EventType "swiss"]
[EventRounds "9"]
[EventCountry "CAN"]
[SourceTitle "CBM 006"]
[Source "ChessBase"]
[SourceDate "2004.01.01"]
[SourceVersion "1"]
[SourceVersionDate "2004.01.01"]
[SourceQuality "1"]

1. e4 e6 2. d4 d5 3. Nd2 c5 4. Ngf3 Nc6 5. exd5 exd5 6. Bb5 Bd6 7. dxc5 Bxc5 8. O-O Nge7 9. Nb3 Bd6 10. h3 O-O 11. Nbd4 Bd7 12. Be3 Nxd4 13. Nxd4 Bxb5 14. Nxb5 Nf5 15. Re1 Nxe3 16. Rxe3 Bc5 17. Nd4 Qf6 18. Rd3 Rae8 19. c3 Re4 20. Rf3 Rf4 21. Qd2 Rxf3 22. Nxf3 Rd8 23. Rd1 Bb6 24. Qe2 h6 25. Nd4 Qg6 26. Qe7 Qh5 27. Nf3 Qf5 28. Qxb7 Qc2 29. Rd2 Qb1+ 30. Kh2 Qxa2 31. Ne5 d4 32. c4 Rf8 33. g3 Qa5 34. Re2 Qc5 35. b3 Qd6 36. Nd3 Qg6 37. Qe4 Qd6 38. b4 Bc7 39. Ra2 Qd7 40. Nc5 Re8 41. Nxd7 Rxe4 42. Rxa7 d3 43. Rxc7 Rd4 44. Rc8+ Kh7 45. Rd8 Rxc4 46. Ne5 1-0

[Event "Saint John op-1"]
[Site "Saint John CAN"]
[Date "1988.??.??"]
[Round "?"]
[White "Sherzer, Alex"]
[Black "Ball, Stephen"]
[Result "1/2-1/2"]
[WhiteElo "2330"]
[BlackElo "2230"]
[PlyCount "120"]
[GameId "2160767912583226"]
[EventDate "1988.01.24"]
[EventType "swiss"]
[EventRounds "9"]
[EventCountry "CAN"]
[SourceTitle "CBM 06"]

1. e4 c6 2. d4 d5 3. Nd2 dxe4 4. Nxe4 Nf6 5. Nxf6+ gxf6 6. c3 Bf5 7. Nf3 e6 8. g3 Nd7 9. Bg2 Bg7 10. O-O O-O 11. c4 Nb6 12. b3 Re8 13. Bb2 Qd7 14. Qd2 Rad8 15. Rfe1 Nc8 16. Rad1 Ne7 17. Bc3 Bg6 18. Qb2 Qc7 19. Nh4 f5 20. f4 Bh5 21. Rd2 b5 22. Nf3 a5 23. Qa1 Bxf3 24. Bxf3 Qa7 25. Kh1 b4 26. Bb2 a4 27. Qd1 axb3 28. axb3 Rd7 29. Qa1 Qxa1 30. Rxa1 Red8 31. c5 Kf8 32. Ra4 Bxd4 33. Rxb4 Bxb2 34. Rxb2 Rd2 35. Rxd2 Rxd2 36. Rb8+ Kg7 37. b4 Rb2 38. Rb7 Rf2 39. Rxe7 Rxf3 40. Kg2 Rb3 41. Rb7 Rb2+ 42. Kf3 Rxh2 43. Rb6 Rb2 44. Ke3 h5 45. Kd3 e5 46. fxe5 f4 47. gxf4 h4 48. Kc3 h3 49. Ra6 Rf2 50. Ra1 Rf3+ 51. Kb2 Rxf4 52. Kb3 h2 53. Ka4 Rh4 54. Rh1 Kg6 55. Ka5 Kf5 56. Kb6 Rxb4+ 57. Kxc6 Rb2 58. Kd6 Rd2+ 59. Ke7 Kxe5 60. Kxf7 Kd5 1/2-1/2

[Event "Saint John op-1"]
[Site "Saint John CAN"]
[Date "1988.??.??"]
[Round "?"]
[White "Sherzer, Alex"]
[Black "Basanta, Gary"]
[Result "1-0"]
[WhiteElo "2330"]
[BlackElo "2215"]
[PlyCount "89"]
[GameId "2160767912583227"]
[EventDate "1988.01.24"]
[EventType "swiss"]
[EventRounds "9"]
[EventCountry "CAN"]
[SourceTitle "CBM 06"]

1. e4 c5 2. Nf3 d6 3. d4 cxd4 4. Nxd4 Nf6 5. Nc3 a6 6. Be2 e6 7. O-O Be7 8. f4 Nbd7 9. Kh1 Qc7 10. Bf3 O-O 11. g4 Nb6 12. g5 Nfd7 13. a4 Nc4 14. Qd3 Re8 15. Bg4 Bf8 16. Qh3 e5 17. Nd5 Qd8 18. Bf5 g6 19. Bxd7 Bxd7 20. Qxd7 Qxd7 21. Nf6+ Kh8 22. Nxd7 exd4 23. b3 Ne3 24. Bxe3 dxe3 25. Nxf8 Rxf8 26. Rae1 Rac8 27. c4 b5 28. cxb5 axb5 29. Rxe3 bxa4 30. bxa4 Rc4 31. Ra1 Re8 32. a5 d5 33. a6 dxe4 34. a7 Ra8 35. Rb3 Rcc8 36. Kg2 Kg7 37. Rb7 Rc2+ 38. Kg3 Rd8 39. Ra3 Rcc8 40. Kf2 Re8 41. Ke3 Kf8 42. Rab3 Ra8 43. R3b6 Kg7 44. Rb8 Re6 45. Rxe6 1-0

[Event "Saint John op-1"]
[Site "Saint John CAN"]
[Date "1988.??.??"]
[Round "?"]
[White "Sherzer, Alex"]
[Black "Borkowski, Franciszek"]
[Result "1-0"]
[WhiteElo "2330"]
[BlackElo "2415"]
[PlyCount "111"]
[GameId "2160767912583228"]
[EventDate "1988.01.24"]
[EventType "swiss"]
[EventRounds "9"]
[EventCountry "CAN"]
[SourceTitle "CBM 06"]

1. e4 c5 2. Nf3 d6 3. d4 cxd4 4. Nxd4 Nf6 5. Nc3 e6 6. g4 h6 7. h4 Nc6 8. Rg1 h5 9. gxh5 Nxh5 10. Bg5 Nf6 11. Qd2 Qb6 12. Nb3 a6 13. O-O-O Qc7 14. Rg3 Bd7 15. Bg2 Ne5 16. f4 Nc4 17. Qe2 Be7 18. Rgd3 O-O-O 19. Rd4 b5 20. e5 Rhe8 21. exf6 gxf6 22. Bh6 Rh8 23. Qf3 Qa7 24. Bg7 Rhg8 25. Qg3 Bf8 26. Qf2 Kb8 27. Bxf6 Rc8 28. Be4 b4 29. Ne2 a5 30. Qf3 d5 31. Bh7 a4 32. Nd2 b3 33. axb3 a3 34. Nxc4 a2 35. Kd2 Bg7 36. Bxg7 Rxg7 37. Na3 Rxh7 38. Qf2 Ka8 39. Ra1 f6 40. Qe3 Rxh4 41. Rxa2 e5 42. Rxd5 Qxe3+ 43. Kxe3 exf4+ 44. Nxf4 Re8+ 45. Kd3 Bc6 46. Rd4 f5 47. Nc4+ Kb8 48. Nd6 Rd8 49. Ke3 Rdh8 50. Nxf5 Rh1 51. Rb4+ Kc8 52. Ne7+ Kd7 53. Ra7+ Kd6 54. Rd4+ Kc5 55. Rc4+ Kb5 56. Nxc6 1-0